Yourdon Systems Method / Model-Driven Systems Development (Record no. 1060)
[ view plain ]
| 000 -LEADER | |
|---|---|
| fixed length control field | 01666cam a22002054a 4500 |
| 005 - ΗΜΕΡΟΜΗΝΙΑ ΚΑΙ ΩΡΑ ΤΕΛΕΥΤΑΙΑΣ ΕΝΗΜΕΡΩΣΗΣ | |
| Πεδίο ελέγχου | 20250605163956.0 |
| 008 - FIXED-LENGTH DATA ELEMENTS--GENERAL INFORMATION | |
| Πεδίο ελέγχου σταθερού μήκους | 250528s ||||||||||||||||||||||||d |
| 035 ## - SYSTEM CONTROL NUMBER | |
| System control number | 15481 |
| 020 ## - ISBN | |
| ISBN | 132858185 |
| 040 ## - ΠΗΓΗ ΚΑΤΑΛΟΓΟΓΡΑΦΗΣΗΣ | |
| Φορέας πρωτότυπης καταλογογράφησης | MC Athens Campus Library |
| Γλώσσα καταλογογράφησης | Ελληνικά, Μοντέρνα (1453-) |
| Modifying agency | MC Athens Campus Library |
| Κανόνες περιγραφικής καταλογογράφησης | AACR2 |
| 245 1# - ΤΙΤΛΟΣ ΚΑΙ ΔΗΛΩΣΗ ΥΠΕΥΘΥΝΟΤΗΤΑΣ | |
| Τίτλος | Yourdon Systems Method / Model-Driven Systems Development |
| 260 ## - PUBLICATION, DISTRIBUTION, ETC. | |
| Name of publisher, distributor, etc. | Prentice Hall, |
| Date of publication, distribution, etc. | 1993 |
| 300 ## - PHYSICAL DESCRIPTION | |
| Extent | 682 |
| 505 0# - FORMATTED CONTENTS NOTE | |
| Formatted contents note | Introduction, Overview of YSM, Using YSM, Modelling Tools, Entity Relationship Diagram, Entity-Event Table, Entity Specification, Associative Entity Specification, Subtyping Specification, Statement of Purpose, Terminator Specification, Data Flow Diagram, Function-Entity Table, System Event Specification, Behavioural State Transition Diagram, The Enterprise Essential Model, Information Modelling Principles, Maintaining the Enterprise Information Aspect, Guidelines, The Relationship Between Systems and the Enterprise, Building the System Essential Model, The System Essential Model. |
| 520 ## - SUMMARY, ETC. | |
| Summary, etc. | Introduction, Overview of YSM, Using YSM, Modelling Tools, Entity Relationship Diagram, Entity-Event Table, Entity Specification, Associative Entity Specification, Subtyping Specification, Statement of Purpose, Terminator Specification, Data Flow Diagram, Function-Entity Table, System Event Specification, Behavioural State Transition Diagram, The Enterprise Essential Model, Information Modelling Principles, Maintaining the Enterprise Information Aspect, Guidelines, The Relationship Between Systems and the Enterprise, Building the System Essential Model, The System Essential Model. |
| 700 1# - ΠΡΟΣΘΕΤΗ ΑΝΑΓΡΑΦΗ--ΦΥΣΙΚΟ ΠΡΟΣΩΠΟ | |
| Personal name | Yourdon |
| 9 (RLIN) | 1412 |
| 942 ## - ADDED ENTRY ELEMENTS (KOHA) | |
| Koha item type | Books |
| Τύπος τεκμηρίου | Βιβλιοθήκη | Τρέχουσα τοποθεσία | Barcode | Αριθμός εισαγωγής | Ημερομηνία απόκτησης | Ταξιθετικό σύμβολο | Αριθμός αντιτύπου | Κατάσταση απόσυρσης | Κατάσταση χαμένου | Κατάσταση κατεστραμμένου | Μη δανεισμός | Σύνολο δανεισμών | Ημερομηνία τελευταίας εμφάνισης | Η τιμή ισχύει από |
|---|---|---|---|---|---|---|---|---|---|---|---|---|---|---|
| Books | MC Athens Campus Library | MC Athens Campus Library | 9780000010599 | 1826 | 05/06/2025 | 658.404 YOU | 2 | 05/06/2025 | 05/06/2025 |